| 000 | 00540nam a2200193Ia 4500 | ||
|---|---|---|---|
| 005 | 20221205115032.0 | ||
| 008 | 131103s9999 xx 000 0 und d | ||
| 040 | _aLoreto College | ||
| 041 | _aEnglish | ||
| 082 |
_a821.91 _bHOU-RIC |
||
| 245 | 2 |
_aA E Housman _b a collection of critical essays _cEdited by Christopher Ricks |
|
| 260 |
_aU.S.A _bPrentice hall _c1968 |
||
| 300 | _a182p. | ||
| 504 | _aIncludes bibliographical references | ||
| 650 | _aEnglish essays | ||
| 700 | _aRicks, Christpher | ||
| 850 | _aLCLIB | ||
| 942 | _cBK | ||
| 999 |
_c21856 _d72335 |
||